| 000 | 03201nam a22003497a 4500 | ||
|---|---|---|---|
| 001 | 105940 | ||
| 003 | KnowledgeUnlatched | ||
| 005 | 20210303104943.0 | ||
| 006 | m o d | ||
| 007 | cr u|||||||||| | ||
| 008 | 210129p20132020xx o u00| u ger d | ||
| 037 | _5BiblioBoard | ||
| 245 | 0 | 0 |
_aSchizophrenie des Kindes- und Jugendalters _cChristian Eggers. |
| 020 | _a9783954661732 | ||
| 029 | 1 | _ahttps://library.biblioboard.com/ext/api/media/4a7b8856-9bbb-4fb2-9ddb-aa867a84be1f/assets/thumbnail.jpg | |
| 040 |
_aScCtBLL _cScCtBLL |
||
| 100 | 1 |
_aEggers, Christian _eauthor. |
|
| 264 | 1 | _bMWV Medizinisch Wissenschaftliche Verlagsgesellschaft, | |
| 300 | _a1 online resource (1 p.) | ||
| 506 | 0 |
_aAccess copy available to the general public. _fUnrestricted _2star |
|
| 520 | _aDie Schizophrenie des Kindesalters stellt eine seltene, aber klinisch schwere Form der Schizophrenie dar. Frühkindliche Schizophrenien sollten möglichst früh diagnostiziert werden, auch wegen der ungünstigen Prognose. Das neue Buch des Schizophrenie-Experten Christian Eggers vermittelt umfassend das Symptombild, die Verlaufsbesonderheiten und die Prognose der Schizophrenien des Kindes- und Jugendalters. Weitere Schwerpunkte des Buches sind die Darstellung von Denk- und Sprachstörungen bei kindlichen Schizophrenien, ausführliche differenzialdiagnostische Erörterungen (mit Fallbeispielen) und die prämorbide Entwicklung, ebenso Frühwarn- und Vorläufersymptome, Mortalität sowie die Bedeutung postpsychotischer Persönlichkeits- und Wesensänderungen. Auch auf die Stigmatisierungen durch die Mitwelt oder die Delinquenz und forensische Bedeutung der Schizophrenie des Kindes- und Jugendaltersalters wird eingegangen. Ausführlich werden ätiologische Befunde und Hypothesen und die sich daraus ergebenden therapeutischen sozialpädagogischen, rehabilitativen und präventiven Schlussfolgerungen dargestellt. Ein Schwerpunkt liegt dabei auf der engen Verzahnung zwischen modernen (molekular-) genetischen Befunden und umweltabhängigen und lebensgeschichtlichen Konstellationen. Die Darstellung basiert auf der herausragenden wissenschaftlichen Arbeit des Autors mit seiner weltweit einmaligen Untersuchungsstichprobe zum Krankheitsverlauf von schizophreniekranken Kindern, die vom Autor persönlich nach durchschnittlich 15 und 42 Jahren nachuntersucht wurden. Mit dem Buch dokumentiert der Autor zugleich seine umfassende Praxiserfahrung aus vielen Jahrzehnten klinischer Tätigkeit, in deren Mittelpunkt die Schizophrenie des Kindes- und Jugendalters steht. | ||
| 588 | 0 | _aDescription based on print version record. | |
| 590 | _aKU Open Services | ||
| 650 | 7 |
_aPsychology / Psychopathology / Schizophrenia _2bisacsh |
|
| 650 | 0 | _aPsychology | |
| 655 | 0 | _aElectronic books. | |
| 758 |
_iIs found in: _aKnowledge Unlatched _1https://openresearchlibrary.org/module/2774bc74-146a-484f-a7ba-ab1d6a09bbfb |
||
| 856 | 4 | 0 |
_uhttps://openresearchlibrary.org/content/4a7b8856-9bbb-4fb2-9ddb-aa867a84be1f _zView this content on Open Research Library. _70 |
| 999 |
_c33085 _d33085 |
||